000
00255nam a2200109Ia 4500
008
200302s9999 xx 000 0 und d
100
_a
Nuzhat Kazmi
245
_a
Islamic Art The Past And Modern
260
_b
Roli & Janssen
260
_c
2009
300
_a
144
999
_c
4730
_d
4730